Science Quiz

Random Science or Chemistry Quiz
Score 0/60 Timer 08:00
2 Plays Today
% Correct
Pulley
93.5%
Class
93.2%
Lever
93.2%
Wheel and Axle
93.2%
Albert Einstein
93.1%
Wedge
92.9%
Screw
92.9%
Species
92.9%
Family
92.8%
Genus
92.6%
Order
92%
Kingdom
91.3%
Proton
90.6%
Sedimentary
90.5%
Testosterone
90.5%
Neutron
90.4%
Frontal
90.1%
Inclined Plane
90.1%
Electron
90%
Insulin
89.5%
Igneous
89.3%
Temporal
88.7%
Bromine
88.1%
Chlorine
88%
Metamorphic
87.8%
Alexander Fleming
87.7%
Fluorine
87.4%
Prolactin
86.6%
C++
86.4%
Java
86.3%
% Correct
Iodine
86.2%
Occipital
86%
Phylum
85.6%
Parietal
85.4%
Cortisol
84.8%
Oxytocin
83.3%
Alpha Centauri
83%
Francis Crick
81.4%
Sirius
79.3%
Astatine
78.6%
Werner Heisenberg
78.5%
Leptin
78.3%
Europa
77.1%
Estradiol
76.4%
Ivan Pavlov
76.2%
Marie Curie
75.4%
Niels Bohr
74.3%
Callisto
73.7%
Camillo Golgi
73.5%
Io
72.2%
Peter Higgs
71.6%
Vega
71%
PHP
70.4%
Enrico Fermi
69.2%
Ganymede
68.9%
Arcturus
65.7%
Santiago Ramón y Cajal
61.7%
Python
61.2%
Canopus
52.6%
C.V. Raman
36.8%

You're not logged in!

Compare scores with friends on all Sporcle quizzes.
OR
Log In

Sporcle TV

Today on Sporcle TV


Watch our educational content, quiz creation guides, and fun videos on Sporcle TV.

Show Comments

Extras

Top Quizzes Today


Score Distribution

Paid Content

Your Account Isn't Verified!

In order to create a playlist on Sporcle, you need to verify the email address you used during registration. Go to your Sporcle Settings to finish the process.

Report this User

Report this user for behavior that violates our Community Guidelines.

Details: